00488 2200193 4500001002100000005001500021008004100036020002200077035001900099041000700118082001000125090001600135100001600151245004900167260002500216300002600241500001100267650001600278INLIS00000000000171320241224112412241224||||||||| | ||| |||| || |  a978-602-8650-85-4 0010-1224001713 aid0 a370.1 a370.1 SRI p0 aSri Wahyuni00aPerencanaan Pembelajaraan Bahasa Berkarakter bRefika Aditamac2013 aviii, 95 hlm. ; 25 cm aCet. 2 0aIlmu Sosial